Wirtschaftsplanung und Kapitalproduktivität in arabischen OPEC-Staaten

Guardado en:
Detalles Bibliográficos
Autor principal: Dicke, Hugo
Otros Autores: Glismann, Hans H.
Formato: Libro
Lenguaje:alemán
Publicado: Kiel Institut für Weltwirtschaft 1984
Etiquetas: Agregar Etiqueta
Sin Etiquetas, Sea el primero en etiquetar este registro!

MARC

LEADER 00000nam a2200000 4500
001 c115154
005 20041019155200.5
041 0 |a ger 
044 |a DE 
245 1 0 |a Wirtschaftsplanung und Kapitalproduktivität in arabischen OPEC-Staaten  |c Hugo Dicke, Hans H. Glismann 
264 1 |a Kiel  |b Institut für Weltwirtschaft  |c 1984 
300 |a 31 s. 
100 1 |a Dicke, Hugo 
700 1 |a Glismann, Hans H.